000 00516cab a2200193 4500
001 WB2618-30
008 090401t1990 xxu||||| |||| 00| 0 eng d
035 _a(Sirsi) u52094
041 _aeng
245 _aScheme to help bridge the gap
260 _c1990
350 _a0
490 _aDaily Telegraph
_v9/5/90 p34
520 _aDiscusses shared ownership schemes taking as an example the Addison Housing Association .
650 _aHOME OWNERSHIP
690 _aHOUSING
942 _n0
948 _c04/03/1997
999 _c32317
_d32317